Explorations in Colonial Bengal: (Record no. 199304)
[ view plain ]
| 000 -LEADER | |
|---|---|
| fixed length control field | 00738nam a22002057a 4500 |
| 005 - DATE AND TIME OF LATEST TRANSACTION | |
| control field | 20231129125955.0 |
| 010 ## - LCCN (DPL NO) | |
| LC control number | ENG-138482 |
| 020 ## - INTERNATIONAL STANDARD BOOK NUMBER | |
| International Standard Book Number | 9789354425134 |
| Terms of availability | 1495.00 |
| 035 ## - SYSTEM CONTROL NUMBER | |
| System control number | EN-122014 |
| 037 ## - SOURCE OF ACQUISITION | |
| Source of stock number/acquisition | DBAD/PUB |
| 082 ## - DEWEY DECIMAL CLASSIFICATION NUMBER | |
| Classification number | 210.14 |
| 245 ## - TITLE STATEMENT | |
| Title | Explorations in Colonial Bengal: |
| Remainder of title | Essays on Religion, Society and Culture/ |
| Statement of responsibility, etc | Edited By Achintya Kumar Dutta and Forward By Amiya P Sen |
| 250 ## - EDITION STATEMENT | |
| Edition statement | First |
| 260 ## - PUBLICATION, DISTRIBUTION, ETC. (IMPRINT) | |
| Place of publication, distribution, etc | Hyderabad |
| Name of publisher, distributor, etc | Orient Blackswan Private Limited |
| Date of publication, distribution, etc | 2023 |
| 270 ## - ADDRESS | |
| Address | 3-6-752, Himayatnagar |
| City | Hyderabad |
| Postal code | 500029 |
| Electronic mail address | info@orientblackswan.com |
| 300 ## - PHYSICAL DESCRIPTION | |
| Extent | 350p. |
| Dimensions | 22cm(pbk) |
| 700 ## - ADDED ENTRY--PERSONAL NAME | |
| Personal name | Dutta, Achintya Kumar |
| Relator term | Editor |
| 9 (RLIN) | 59191 |
| 700 ## - ADDED ENTRY--PERSONAL NAME | |
| Personal name | Sen, Amiya P |
| Relator term | Forward |
| 9 (RLIN) | 59192 |
| 942 ## - ADDED ENTRY ELEMENTS (KOHA) | |
| Source of classification or shelving scheme | Dewey Decimal Classification |
| Item type | English Books |
| Classification part | 210.14 |
| Call number suffix | EXP |
| Withdrawn status | Lost status | Not for loan | Collection code | Home library | Current library | Date acquired | Source of acquisition | Cost, normal purchase price | Full call number | Barcode | Copy number | Cost, replacement price | Koha item type |
|---|---|---|---|---|---|---|---|---|---|---|---|---|---|
| Non-fiction | Vinoba Puri | Vinoba Puri | 29/11/2023 | DBAD/PUB | 1495.00 | 210.14 EXP | EN-122014 | 1 | 1495.00 | English Books |
